000 00937nas a2200313 4500
001 BR0905206
003 BR-BrBNA
005 20231205113627.0
007 ta
008 230509b bl.|||p| |||| 00| 00por d
040 _aBR-BrBNA
_bpor
_cBiblioteca Nacional de Agricultura
041 _a(Pt)
072 _aF01
100 1 _aLopes, S.J.
100 1 _aBrum, B.
100 1 _aStorck, L.
100 1 _aLúcio, A.D.C.
100 1 _aSilveira, T.R. da
100 1 _aToebe, M.
245 1 _aEspaçamento entre plantas de sorgo granífero: produtividade de grãos e qualificação do modelo estatístico
650 _aSORGO
650 _aESPAÇAMENTO
650 _aPRÁTICA CULTURAL
650 _aANÁLISE ESTATÍSTICA
650 _aHOMOGENEIZAÇÃO
773 0 _tCiência Rural (Brazil)
_xISSN 0103-8478
_g(May-Jun 2009), v. 39(3) p. 649-656
_wBR0905206
909 _a202311
_bLúcia
_c55
_dLúcia Elande
942 _2AGRIS
_n0
_cANA
999 _c204780
_d204780